000 00870 a2200229 4500
008 240605b mp ||||| |||| 00| 0 mon d
020 _a978-99973-1-058-3
035 _a5070
040 _aHE0623081
_bmon
_cMN-UlNLM
_dMN-UlNLM
_erda
041 _amon
042 _a8624
084 _2NNA
_a87.22
_bМ.15
100 _aМак Л.
245 0 _aБүжиг хүүхдийн ном
264 _aУБ.
_bМонсудар хэвлэлийн газар
_c2013
300 _a141х.
336 _2rdacontent
_atext
_btxt
337 _2rdamedia
_aunmediated
_bn
338 _2rdacarrier
_avolume
_bnc
650 _aЭнэхүү номноос Гайхамшигт хэмнэл, алхаа, хувцас, хөгжим болоод бүжигчдийн хамт сэтгэл сэргээм бүжгийн ертөнцөөр аялаарай. Мөн Ру...
942 _2NNA
_cBK
999 _c877434
_d877491